Statistics for El Tango De Roxanne - José Feliciano - All Lyrics

Click here to take the quiz!

General Stats

  • This quiz has been taken 40 times
  • The average score is 150 of 167

Answer Stats

Answer% Correct
can
96%
can't
96%
cry?
96%
don't
96%
I
96%
Roxanne!
96%
Roxanne
96%
(Roxanne)
96%
to
96%
Why
96%
You
96%
you!
96%
does
92%
Feelings
92%
have
92%
heart
92%
me
92%
my
92%
say
92%
that
92%
the
92%
wear
92%
when
92%
your
92%
believe
88%
body
88%
But
88%
deceive
88%
dress
88%
fight
88%
fight!
88%
it
88%
it's
88%
It’s
88%
just
88%
leave
88%
light!
88%
light
88%
love
88%
more
88%
on
88%
red
88%
sell
88%
than
88%
tonight
88%
tonight!
88%
You're
88%
care
84%
for
84%
free
84%
hand
84%
His
84%
if
84%
lips
84%
night
84%
please,
84%
put
84%
stand!
84%
upon
84%
And,
80%
is
80%
money
80%
or
80%
right
80%
streets
80%
Walk
80%
wrong
80%
caress
76%
skin
76%
drive
72%
eyes
72%
Mad!
72%
Will
72%
face
64%

Score Distribution

Percentile by Number Answered

Percent of People with Each Score

Your Score History

You have not taken this quiz